header

The new invisible college (Record no. 158360)

MARC details
000 -LEADER
fixed length control field 02065nam a2200361 a 4500
082 04 - DEWEY DECIMAL CLASSIFICATION NUMBER
Classification number 338.9/26
100 1# - MAIN ENTRY--AUTHOR NAME
Personal name Wagner, Caroline S.
245 14 - TITLE STATEMENT
Title The new invisible college
260 ## - PUBLICATION, DISTRIBUTION, ETC. (IMPRINT)
Place of publication Washington, D.C. :
Name of publisher Brookings Institution Press,
Year of publication c2008.
300 ## - PHYSICAL DESCRIPTION
Number of Pages xiii, 157 p. :
Other physical details ill.
505 0# - FORMATTED CONTENTS NOTE
Formatted contents note The new invisible college emerges -- The topology of science in the twenty-first century -- Networked science -- Tectonic shifts : the rise of global networks -- The virtual geography of knowledge -- Scientific capacity and infrastructure -- Governing the new invisible college.
520 ## - SUMMARY, ETC.
Summary, etc "Combines quantitative data and extensive interviews to map emerging global science networks and trace the dynamics driving their growth. Argues that the shift from big science to global networks creates unprecedented opportunities for developing countries to tap science's potential. Offers a guidebook and playbook for policymakers confronting science's transformation"--Provided by publisher.
650 #0 - SUBJECT ADDED ENTRY--TOPICAL TERM
Topical Term Science and state.
Topical Term Science
Topical Term Global method of teaching.
Topical Term Research
Topical Term Information networks.
856 40 - ELECTRONIC LOCATION AND ACCESS
Uniform Resource Identifier http://site.ebrary.com/lib/rucke/Doc?id=10338478

No items available.

© 2026 Rongo University
Contact us: librarian | system librarian | Rongo university